| 000 | 00345nam a2200133Ia 4500 | ||
|---|---|---|---|
| 008 | 240624s9999 xx 000 0 und d | ||
| 041 | _aeng | ||
| 082 | _a005.376 IBM | ||
| 100 | _aIBM | ||
| 245 | _aWEBSPHERE MQ PROGRAMMING USING BASE CLAS | ||
| 260 |
_c2003 _aNew Delhi _bPrentice-Hall India |
||
| 300 | _aix, , 173 , 23 : p. : cm | ||
| 365 | _cRS | ||
| 999 |
_c3541 _d3541 |
||